Cuadernos de ejercicios para la enseñanza de los Derechos Humanos
Shranjeno v:
| Format: | Knjiga |
|---|---|
| Jezik: | španščina |
| Izdano: |
Santiago
OREALC UNESCO
2004
|
| Izdaja: | 1a. ed |
| Teme: | |
| Oznake: |
Označite
Brez oznak, prvi označite!
|
MARC
| LEADER | 00000cam a2200000 a 4500 | ||
|---|---|---|---|
| 001 | UCD8124 | ||
| 003 | CL-VaPUC | ||
| 008 | 170428e20040000cl |||||||||||||||||spa|d | ||
| 020 | |a 9568302239 | ||
| 082 | 0 | 4 | |a 370.115 |b CUA |2 21 |
| 245 | 1 | 0 | |a Cuadernos de ejercicios para la enseñanza de los Derechos Humanos |
| 250 | |a 1a. ed | ||
| 300 | |a v | ||
| 942 | |c BK | ||
| 945 | |d 20170428 01:26:00 |a dcastane | ||
| 260 | |a Santiago |b OREALC UNESCO |c 2004 | ||
| 500 | |a v.0: marco teórico | ||
| 500 | |a v.1: docentes y familia | ||
| 500 | |a v.2: lenguaje y comunicación | ||
| 500 | |a v.3: matemáticas | ||
| 500 | |a v.4: educación artística | ||
| 500 | |a v.5: educación física | ||
| 500 | |a v.6: ciencias naturales | ||
| 500 | |a v.7: ciencias sociales | ||
| 500 | |a v.8: anexos | ||
| 650 | 0 | |a Derechos humanos |9 223025 | |
| 650 | 0 | |a Educación cívica |9 314665 | |
| 583 | |a last modification |c 20170824 03:15:50 |k Rodrigo Vera | ||
| 999 | |c 367859 |d 367857 | ||
| 952 | |0 0 |1 0 |3 erb |4 0 |6 370_115000000000000_CUA_2004 |7 0 |8 A |9 482998 |a BIBEDU |b BIBEDU |h v.0 |i 4838157 |o 370.115 CUA 2004 |p 4838157 |r 2019-11-24 |w 2019-11-24 |y BK |z Catalogado en:20170428 |k EPE | ||
| 952 | |0 0 |1 0 |3 erb |4 0 |6 370_115000000000000_CUA_2004 |7 0 |8 A |9 482999 |a BIBEDU |b BIBEDU |h v.1 |i 537846K |o 370.115 CUA 2004 |p 537846K |r 2019-11-24 |w 2019-11-24 |y BK |z Catalogado en:20170527 |k EPE | ||
| 952 | |0 0 |1 0 |3 erb |4 0 |6 370_115000000000000_CUA_2004 |7 0 |8 A |9 483000 |a BIBEDU |b BIBEDU |h v.2 |i 5378478 |o 370.115 CUA 2004 |p 5378478 |r 2019-11-24 |w 2019-11-24 |y BK |z Catalogado en:20170527 |k EPE | ||
| 952 | |0 0 |1 0 |3 erb |4 0 |6 370_115000000000000_CUA_2004 |7 0 |8 A |9 483001 |a BIBEDU |b BIBEDU |h v.3 |i 5378486 |o 370.115 CUA 2004 |p 5378486 |r 2019-11-24 |w 2019-11-24 |y BK |z Catalogado en:20170527 |k EPE | ||
| 952 | |0 0 |1 0 |3 erb |4 0 |6 370_115000000000000_CUA_2004 |7 0 |8 A |9 483002 |a BIBEDU |b BIBEDU |h v.4 |i 5378494 |o 370.115 CUA 2004 |p 5378494 |r 2019-11-24 |w 2019-11-24 |y BK |z Catalogado en:20170527 |k EPE | ||
| 952 | |0 0 |1 0 |3 erb |4 0 |6 370_115000000000000_CUA_2004 |7 0 |8 A |9 483003 |a BIBEDU |b BIBEDU |h v.5 |i 5378508 |o 370.115 CUA 2004 |p 5378508 |r 2019-11-24 |w 2019-11-24 |y BK |z Catalogado en:20170527 |k EPE | ||
| 952 | |0 0 |1 0 |3 erb |4 0 |6 370_115000000000000_CUA_2004 |7 0 |8 A |9 483004 |a BIBEDU |b BIBEDU |h v.6 |i 5378516 |o 370.115 CUA 2004 |p 5378516 |r 2019-11-24 |w 2019-11-24 |y BK |z Catalogado en:20170527 |k EPE | ||
| 952 | |0 0 |1 0 |3 erb |4 0 |6 370_115000000000000_CUA_2004 |7 0 |8 A |9 483005 |a BIBEDU |b BIBEDU |h v.7 |i 5378524 |o 370.115 CUA 2004 |p 5378524 |r 2019-11-24 |w 2019-11-24 |y BK |z Catalogado en:20170527 |k EPE | ||
| 952 | |0 0 |1 0 |3 erb |4 0 |6 370_115000000000000_CUA_2004 |7 0 |8 A |9 483006 |a BIBEDU |b BIBEDU |h v.8 |i 5378532 |o 370.115 CUA 2004 |p 5378532 |r 2019-11-24 |w 2019-11-24 |y BK |z Catalogado en:20170527 |k EPE | ||